Word Ladder: 'The Hunger Games' Tributes Quiz Stats

 Plays Quiz Updated Oct 19, 2016

Challenge
Share
Tweet
Embed
Score 0/22 Timer 02:00
3 Plays Today
Clue 4-Letter Word % Correct
'From ___ to Riches'RAGS
88.9%
Sport of Tiger WoodsGOLF
82.2%
A strong wind or friend of KatnissGALE
81.9%
An opening in a fenceGATE
80.7%
Actress Blanchett of 'Elizabeth'CATE
78.9%
A seabirdGULL
78.4%
A part of a bookPAGE
77.5%
A portion of the sea extending into landGULF
75.5%
A lupine animalWOLF
74.9%
Bile from the liverGALL
72.8%
Former District 8 Winner or sound a dog makes★ WOOF ★
71.4%
Clue 4-Letter Word % Correct
Former District 4 Winner or slang for zines★ MAGS ★
63.9%
Having a limpLAME
63.4%
A spread of finely chopped meatPATÉ
63.1%
A tribute from District 2 or a Roman Statesman★ CATO ★
62.4%
Former District 2 Winner or a tick-borne autoimmune disease★ LYME ★
58.6%
One who uses spells in D&DMAGE
56.8%
Designer Berkus or rapper DoggNATE
53.8%
A large intergovermental military allianceNATO
53.5%
A Tibetan monkLAMA
48.7%
A traditional form of Indian musicRAGA
48%
An avatar of VishnuRAMA
41.3%

Today's Daily Dose

You're not logged in!

Compare scores with friends on all Sporcle quizzes.
OR
Log In

You Might Also Like...

Show Comments

Extras

Top Quizzes Today


Score Distribution

Your Account Isn't Verified!

In order to create a playlist on Sporcle, you need to verify the email address you used during registration. Go to your Sporcle Settings to finish the process.

Report this User

Report this user for behavior that violates our Community Guidelines.

Details: